000
00316nam a22001457a 4500
008
230515b ||||| |||| 00| 0 eng d
020
_a
0878722548
041
_a
eng
080
_a
34
082
_a
34ROS
100
_a
30
101
_a
JURE
245
_a
FUNDAMENTALS OF BIOSTATISTICS
_c
ROSNER.B
942
_2
udc
_c
BK
999
_c
59724
_d
59724